| 000 | 00494nam a22001337a 4500 | ||
|---|---|---|---|
| 008 | 161130b xxu||||| |||| 00| 0 eng d | ||
| 050 | _aJA26.J68(1993 vol.71) | ||
| 245 |
_aPublic administration: an international quarterly: administrative transformation in central and eastern europe. / _cedited by Joachim Jens Hesse. |
||
| 260 |
_aLondon: _bBlackwell, _c1993. |
||
| 300 |
_a624p. : _c24cm. |
||
| 440 |
_pAn International quarterly. _vvol.71. |
||
| 800 | _aHesse, Joachim Jens. | ||
| 942 |
_2lcc _cBK |
||
| 999 |
_c6167 _d13667 |
||